| 000 | 00369nam a2200145Ia 4500 | ||
|---|---|---|---|
| 008 | 150201s2003 xx 000 0 und d | ||
| 082 |
_a610 _bT2003C |
||
| 100 | _aCHUGH, S.N. | ||
| 245 | _aTEXTBOOK OF CLINICAL MEDICINE FOR DENTAL STUDENTS | ||
| 250 | _a1ST | ||
| 260 |
_bARYA PUBLICATION _aDELHI _c2003 |
||
| 300 | _a1-710 | ||
| 650 | _aMEDICINE | ||
| 942 |
_2ddc _cBK _013 |
||
| 999 |
_c3207 _d3207 |
||